000 00284nam a22001337a 4500
008 181030b xxu||||| |||| 00| 0 eng d
020 _a90210
041 _aeng
080 _a101
100 _a24
101 _aFIL
245 _a18th Century Philosophy
_cBeck, L.W
942 _2udc
_cBK
999 _c51128
_d51128